000
00236nam a2200109Ia 4500
999
_c
8783
_d
8783
020
_a
978-0136079415
100
_a
Kotler, Armstrong
245
0
_a
Principles of Marketing
260
_a
India
_b
Dorling
_c
2000
300
_a
488
942
_c
BK